Novelizácia zákona o bankách osobitný režim poskytovania úverov

Novelizácia zákona č. 21/1992 Zb. o bankách v znení neskorších predpisov v novom znení ustanovenia paragrafu 18 odsek 2 sprísňuje podmienky na poskytovanie úverov pre osoby s osobitným vzťahom k banke - zákon č. 252/1999 Z.z. Analýza zmien a doplnkov, využitie niektorých praktických skúseností z ich...

Full description

Saved in:
Bibliographic Details
Main Author: Huďan, Milan
Format: Book Chapter
Language:Slovak
English
Subjects:
Tags: Add Tag
No Tags, Be the first to tag this record!

MARC

LEADER 00000naa a2200000 4500
001 r037863
005 20041019155612.4
041 0 |a slo 
041 0 |a eng 
044 |a SK 
245 1 0 |a Novelizácia zákona o bankách  |b osobitný režim poskytovania úverov  |c Milan Huďan 
520 |a Novelizácia zákona č. 21/1992 Zb. o bankách v znení neskorších predpisov v novom znení ustanovenia paragrafu 18 odsek 2 sprísňuje podmienky na poskytovanie úverov pre osoby s osobitným vzťahom k banke - zákon č. 252/1999 Z.z. Analýza zmien a doplnkov, využitie niektorých praktických skúseností z ich aplikácie v bankovej praxi. 
610 2 0 |a banky 
610 2 0 |a zákony 
610 2 0 |a novelizácia 
610 2 0 |a Slovensko 
610 2 0 |a úver bankový 
610 2 0 |a 1999 
100 1 |a Huďan, Milan